British subjects : an anthropology of Britain /

Bibliographic Details
Other Authors: Rapport, Nigel, 1956-
Format: Book
Language:English
Published: Oxford ; New York : Berg, 2002.
Subjects:

MARC

Tag First Indicator Second Indicator Subfields
LEADER 00000cam a22000004a 4500
001 in00001692575
005 20151024132602.0
008 011107s2002 enka b 001 0 eng
010 |a  2001006901 
020 |a 1859735517 (cloth) 
020 |a 1859735460 (pbk.) 
035 |a (OCoLC)ocm48399013 
040 |a DLC  |c DLC  |d UtOrBLW 
042 |a pcc 
043 |a e-uk--- 
049 |a TXAM 
050 0 0 |a GN17.3.G7  |b B75 2002 
082 0 0 |a 301/.0941  |2 21 
245 0 0 |a British subjects :  |b an anthropology of Britain /  |c edited by Nigel Rapport. 
264 1 |a Oxford ;  |a New York :  |b Berg,  |c 2002. 
300 |a xii, 340 pages :  |b illustrations ;  |c 25 cm. 
336 |a text  |b txt  |2 rdacontent 
337 |a unmediated  |b n  |2 rdamedia 
338 |a volume  |b nc  |2 rdacarrier 
504 |a Includes bibliographical references and index. 
505 0 0 |g Introduction,  |t 'Best of British!' : an introduction to the anthropology of Britain /  |r Nigel Rapport --  |t Subject positions and 'real royalists' : monarchy and vernacular civil religion in Great Britain /  |r Anne Rowbottom --  |t National day : achieving collective identity on the Isle of Man /  |r Susan Lewis --  |t Aesthetics at the ballet : looking at 'national' style, body and clothing in the London dance world /  |r Helena Wulff --  |t On 'old things' : the fetishization of past everyday life /  |r Sharon Macdonald --  |t Leisure and change in a post-mining mining town /  |r Andrew Dawson --  |t Dissociation, social technology and the spiritual domain /  |r Tanya Luhrmann --  |t English child : toward a cultural politics of childhood identities /  |r Allison James --  |t Bits and bytes of information /  |r Jeanette Edwards --  |t Culture in a network : dykes, webs and women in London and Manchester /  |r Sarah Green --  |t Interviews as ethnography? : disembodied social interaction in Britain /  |r Jenny Hockey --  |t Entering secure psychiatric settings /  |r Christine Brown --  |t Cultural values and social organization in Wales : is ethnicity the locus of culture? /  |r Carol Trosset and Douglas Caulkins --  |t Armenian and other diasporas : trying to reconcile the irreconcilable /  |r Vered Amit --  |t Both independent and interconnected voices : Bakhtin among the Quakers /  |r Peter Collins --  |t Body of the village community : between Reverend Parkington in Wanet and Mr Beebe in A Room with a View /  |r Nigel Rapport --  |g Epilogue,  |t 'Best of British' --with more to come /  |r Anthony P. Cohen. 
650 0 |a Anthropology  |z Great Britain  |x History. 
650 0 |a National characteristics, British. 
651 0 |a Great Britain  |x Social life and customs. 
700 1 |a Rapport, Nigel,  |d 1956- 
945 |i PromptCat 
948 |a cataloged  |b h  |c 2002/6/6  |d c  |e dmitchel  |f 1:46:44 pm 
994 |a 92  |b TXA 
999 |a MARS 
999 f f |s d1f724f7-91cf-3870-9d9f-50ceb45f9731  |i 1e5668a5-57ef-35cd-a4f9-7562fde221c4  |t 0 
952 f f |p ric  |a Texas A&M University  |b Rellis Campus  |c Joint Library Facility  |d Remote Storage  |t 0  |e GN17.3.G7 B75 2002  |h Library of Congress classification  |i unmediated -- volume  |m A14828957189 
998 f f |a GN17.3.G7 B75 2002  |t 0  |l Remote Storage